000
00294nam a2200121Ia 4500
008
190216s9999||||xx |||||||||||||| ||und||
100
_a
Sharma A M
245
0
_a
Perssonel And Human Resource Management
260
_b
Kalyani Publisher
_c
2000
300
_a
305p
650
_a
Commerce
942
_c
BK
999
_c
6051
_d
6051